| 000 | 00532nam a22001817a 4500 | ||
|---|---|---|---|
| 005 | 20231031131501.0 | ||
| 008 | 231031b |||||||| |||| 00| 0 eng d | ||
| 020 | _a | ||
| 041 | _aEnglish | ||
| 082 | _a346.6 WAG | ||
| 100 |
_aWagener, CCP _lEnglish |
||
| 245 |
_aWagener's Chart and Notes / _cCCP Wagener |
||
| 250 | _aThird Edition | ||
| 260 |
_aJohannesburg : _bMildenhall Publications (Pty) Ltd, _c1987 |
||
| 300 |
_b69 pages ; _c22 cm. |
||
| 650 |
_alegal practice _bLaw |
||
| 942 |
_cBK _6ALISON_BN_VRIES |
||
| 999 |
_c192 _d192 |
||